Un recurso mundial esencial no renovable : el suelo /
Guardado en:
| Autor Principal: | |
|---|---|
| Autor Corporativo: | |
| Otros Autores: | , , |
| Formato: | Libro |
| Idioma: | Spanish |
| Publicado: |
Bahía Blanca,
1996.
|
| Etiquetas: |
Agregar Etiqueta
Sin Etiquetas, Sea el primero en etiquetar este registro!
|
| LEADER | 00840nam a22002175a 4500 | ||
|---|---|---|---|
| 001 | EEA.libagro005289 | ||
| 005 | 20180913111712.0 | ||
| 008 | 130809s1996####ag#a##########000#0#spa#d | ||
| 082 | 0 | 4 | |a 333.73 |
| 082 | 0 | 4 | |a 631.4 |
| 082 | 0 | 4 | |a 551.305 |
| 100 | 1 | |a Reyzábal, María Luisa. | |
| 245 | 1 | 0 | |a Un recurso mundial esencial no renovable : |b el suelo / |c M.L. Reyzábal, M.E. Aguirre, M.A. Commegna, T. Grossi. |
| 260 | |a Bahía Blanca, |c 1996. | ||
| 300 | |a 1 v. (en varias paginaciones) : |b il. ; |c 30 cm. | ||
| 500 | |a Curso de capacitación docente aprobado para integrar la Red Federal de Formación Docente Continua. | ||
| 700 | 1 | |a Aguirre, María Elina. | |
| 700 | 1 | |a Commegna, Marta A. | |
| 700 | 1 | |a Grossi, Telma. | |
| 710 | 2 | |a Universidad Nacional del Sur. |b Departamento de Agronomía. | |
| 859 | |a AR-BbBCA |b BIB. AGRONOMIA |h 333.73 |i R466 |p 1996/2562 | ||
